Systematic and philosophical theology / (Record no. 8711)
[ view plain ]
| 000 -LEADER | |
|---|---|
| fixed length control field | 00561nam a22001811a 4500 |
| 003 - CONTROL NUMBER IDENTIFIER | |
| control field | NEGST |
| 005 - DATE AND TIME OF LATEST TRANSACTION | |
| control field | 20110718121516.0 |
| 008 - FIXED-LENGTH DATA ELEMENTS--GENERAL INFORMATION | |
| fixed length control field | 030618s1969 001 0 eng d |
| 100 1# - MAIN ENTRY--PERSONAL NAME | |
| Personal name | Nicholls, William. |
| 245 10 - TITLE STATEMENT | |
| Title | Systematic and philosophical theology / |
| Statement of responsibility, etc | William Nicholls. |
| Medium | [Text] |
| 260 ## - PUBLICATION, DISTRIBUTION, ETC. (IMPRINT) | |
| Place of publication, distribution, etc | Harmondsworth, UK |
| Name of publisher, distributor, etc | Penguin |
| Date of publication, distribution, etc | c1969 |
| 300 ## - PHYSICAL DESCRIPTION | |
| Extent | 362p. |
| 440 #0 - SERIES STATEMENT/ADDED ENTRY--TITLE | |
| Title | Pelican guide to modern theology ; |
| Volume number/sequential designation | 1 |
| 500 ## - GENERAL NOTE | |
| General note | Includes bibliographical references and indexes. |
| 590 ## - LOCAL NOTE (RLIN) | |
| Local note | Accession number: 20342 |
| 650 #0 - SUBJECT ADDED ENTRY--TOPICAL TERM | |
| Topical term or geographic name as entry element | Theology, Doctrinal. |
| Withdrawn status | Lost status | Source of classification or shelving scheme | Damaged status | Not for loan | Collection code | Home library | Current library | Shelving location | Date acquired | Cost, normal purchase price | Total Checkouts | Total Renewals | Full call number | Barcode | Date last seen | Date checked out | Copy number | Price effective from | Koha item type |
|---|---|---|---|---|---|---|---|---|---|---|---|---|---|---|---|---|---|---|---|
| Library of Congress Classification | General Circulation | AIU/NEGST - Tony Wilmot Memorial Library | AIU/NEGST - Tony Wilmot Memorial Library | General Stacks | 08/18/2009 | 35.00 | 1 | 2 | BT 28 .N5 1969 | R02444M3232 | 07/09/2014 | 11/16/2011 | 1 | 08/18/2009 | Books |
